UM Logo

The G-man, the emails and Hillary: (Record no. 13247)

MARC details
000 -LEADER
fixed length control field 00575nam a2200133 4500
008 - FIXED-LENGTH DATA ELEMENTS--GENERAL INFORMATION
fixed length control field 190220b ||||| |||| 00| 0 eng d
082 ## - DEWEY DECIMAL CLASSIFICATION NUMBER
Edition number DPer 050 T48 Apr-June 2016 v. 187, n. 12-24.
100 ## - MAIN ENTRY--PERSONAL NAME
9 (RLIN) 37033
Personal name Calabresi, Massimo
245 ## - TITLE STATEMENT
Title The G-man, the emails and Hillary:
Remainder of title what FBI director James Comey's investigation reveals about Hillary Clinton's emails could change the course of the election/
Statement of responsibility, etc. Massimo Clabresi.
260 ## - PUBLICATION, DISTRIBUTION, ETC. (IMPRINT)
Place of publication, distribution, etc. Hong Kong;
Name of publisher, distributor, etc. Time Asia,
Date of publication, distribution, etc. c2016.
300 ## - PHYSICAL DESCRIPTION
Extent v187 n13, page 28-33:
Other physical details illustrations;
Dimensions 27 cm.
650 ## - SUBJECT ADDED ENTRY--TOPICAL TERM
Topical term or geographic name as entry element Politics.
9 (RLIN) 37034
942 ## - ADDED ENTRY ELEMENTS (KOHA)
Source of classification or shelving scheme Dewey Decimal Classification
Koha item type Periodicals
Holdings
Withdrawn status Lost status Source of classification or shelving scheme Damaged status Not for loan Collection code Home library Current library Date acquired Total Checkouts Date last seen Copy number Price effective from Koha item type Public note
    Dewey Decimal Classification     Periodicals UM Digos College - LIC UM Digos College - LIC 02/20/2019   02/20/2019 DPer 050 T48 Apr - June 2016, v. 02/20/2019 Periodicals Periodical article